000
00292nam a22001337a 4500
008
170529b xxu||||| |||| 00| 0 eng d
020
_a
9780130856036
041
_a
eng
080
_2
2ND
_a
62
100
_a
27
101
_a
IM
245
_a
CALCULUS FOR ENGINEERS
_c
TRIM, D
942
_2
udc
_c
BK
999
_c
14797
_d
14797